000 00863naa a22002657u 4500
001 08301
003 HDC
007 cr bn ---aaaaa
008 210130s2013 onc eng
040 _aHDC
245 0 _aFood Analysis and Preservation: Current Research Topics :
_bReferences
260 _aToronto
_bApple Academic Press,
_c2012
300 _a23 pages
336 _atext
_2rdacontent
337 _acomputer
_2rdamedia
338 _aonline resource
_2rdacarrier
500 _aOriginal from book
650 _aFood
_xAnalysis
_9471
650 _aFood
_xMicrobiology
_98798
650 _aFood
_xPreservation
_96335
856 _zRequest full-text at [email protected]
942 _2lcc
942 _cCHAP
942 _kEBCH 004868
999 _c5624
_d5624